000 005380000a22002050004500
003 LK-CoMWRAF
008 230817t ||||| |||| 00| 0 eng d
040 _aLK-CoMWRAF
_dLK-CoMWRAF
_eLK-CoMWRAF
041 _aeng
082 _a310
_bGOO
100 _aGoonesekera, Savitri
245 _aThe law and the economic status of women
_breseach studies
260 _aColombo
_bIPS
300 _ap.22
490 _aWomen in development series 1
650 _alabour law
650 _awomen & employment
650 _awomen-SL
942 _cBK
999 _c2575
_d2575